000 00840na a2200277 4500
001 15576
003 MIRAKIL
005 20181213155305.0
008 160917b tu 000 0
035 _a15576
040 _aMilas
_btur
_cTR-AnCHP
082 _a315.6
_bO75 1984
090 _a315.6 O75 1984
245 _aOsmanlı sanayii
_b1913-1915 istatistikleri
_cyayına hazırlayan A. Gündüz Ökçün
246 _a1913-1915 istatistikleri
250 _a3. bs.
260 _aİstanbul
_bHil Yayın
_c1984
300 _a199 s.
_btbl.
_c24 sm.
490 _aAraştırma dizisi
_v1
490 _aHil yayın
_v15
500 _aDizin var
651 _aOsmanlı İmparatorluğu
_xSanayi
_y20. yüzyıl
651 _aOsmanlı İmparatorluğu
_xİstatistikler
_ySanayi
_z1913-1915
700 _aÖkçün, A. Gündüz
942 _2ddc
_cBKS
999 _c10033
_d10033